| 000 | 00346nam a2200121 a 4500 | ||
|---|---|---|---|
| 005 | 20140414132059.0 | ||
| 008 | 110805s19uu xx 00 eng d | ||
| 050 |
_aREF 560.22 _bT16 2004 |
||
| 100 | _aTaplin, Sam | ||
| 245 |
_aFirst encyclopedia of dinosaurs : _band prehistoric life. |
||
| 260 |
_aNew york : _bScholastic, _c2004. |
||
| 999 |
_c114391 _d114391 |
||